| 000 | 00484nam a2200169 4500 | ||
|---|---|---|---|
| 001 | 127704 | ||
| 003 | ES-MaACL | ||
| 005 | 20241115063037.0 | ||
| 007 | t| | ||
| 008 | 070214s1971 sp r ||||1| spa d | ||
| 100 | 1 |
_aRepollés, José _9239299 |
|
| 245 | 1 | 0 |
_aResuelva sus problemas del hogar / _cJosé Ripollés. |
| 260 |
_aBarcelona : _bTelstar, _c1971. |
||
| 300 |
_a215 p. : _bil. ; _c17 cm. |
||
| 852 |
_aES-MaACL _jC-47127 _bR.77542 |
||
| 999 |
_c127704 _d127704 |
||